CHEMISTRY FOR CLASS XII (Record no. 712)
[ view plain ]
| 000 -LEADER | |
|---|---|
| fixed length control field | 00321nam a22001337a 4500 |
| 020 ## - INTERNATIONAL STANDARD BOOK NUMBER | |
| ISBN | 81-88597-83-X |
| 082 ## - DEWEY DECIMAL CLASSIFICATION NUMBER | |
| Classification number | 540 |
| Item number | SRI/C |
| 100 ## - MAIN ENTRY--AUTHOR NAME | |
| Personal name | A.K.SRIVASTAVA, P.C.JAIN |
| 245 ## - TITLE STATEMENT | |
| Title | CHEMISTRY FOR CLASS XII |
| 260 ## - PUBLICATION, DISTRIBUTION, ETC. (IMPRINT) | |
| Place of publication | INDIA |
| Name of publisher | V K INDIA ENTERPRISES |
| 300 ## - PHYSICAL DESCRIPTION | |
| Number of Pages | 1293 |
| 650 ## - SUBJECT ADDED ENTRY--TOPICAL TERM | |
| Topical Term | CHEMISTRY FOR CLASS XII |
| Geographic subdivision | INDIA |
| 942 ## - ADDED ENTRY ELEMENTS (KOHA) | |
| Koha item type | Books |
| Withdrawn status | Lost status | Collection code | Home library | Current library | Shelving location | Date acquired | Source of acquisition | Cost, normal purchase price | Full call number | Accession Number | Koha item type |
|---|---|---|---|---|---|---|---|---|---|---|---|
| Reference | Main Library | Main Library | SHELF 9 D PLUS 2 CHEMISTRY | 05/06/2017 | purchase | 525.00 | 540 SRI/C | 04622 | Books |